Commercial property management

Bibliographic Details
Main Author: Arnison, Christopher J.
Other Authors: Bibby, Alan
Format: Book
Published: London : Show and Sons , 1990
Subjects:

MARC

LEADER 00000cam a2200000 7i4500
001 0000002792
005 20030616.0
020 |a 0721912109 
040 |a INS 
090 0 0 |a HD1375.   |b G68 1990 
100 1 |a Arnison, Christopher J. 
245 1 0 |a Commercial property management   |c Christopher J.Arnison, Howard Bibby, Allan D. Mulquiney 
260 |a London :   |b Show and Sons ,   |c 1990 
300 |a 25 cm 
650 0 0 |a Real estate management 
700 1 |a Bibby, Alan 
999 |a 0000004117   |b BOOK   |c Open Shelf   |e Default branch